| 000 | 01616nam0a2200325 4500 | ||
|---|---|---|---|
| 001 | RU\NLR\BIBL_A\011562133 | ||
| 005 | 20260405140341.0 | ||
| 010 | _a978-5-9710-4537-3 | ||
| 021 |
_aRU _b2017-90933 _96504 |
||
| 035 | _a(RuMoRGB)009469125 | ||
| 035 | _a(NLR Aleph) 011562133 | ||
| 090 |
_a12281151 _c12281151 |
||
| 100 | _a20171219e20171887|||y0rusy50 ca | ||
| 101 | 0 | _arus | |
| 102 | _aRU | ||
| 105 | _ac|||z|||000zy | ||
| 200 | 1 |
_aЛитературные очерки (1883-1886) _eжурнальные обозрения, заметки по теории поэзии, поэты и критика, библиографические статьи _fС. Я. Надсон |
|
| 205 |
_aИзд. 2-е _b[репр., стер. по изд.: СПб., 1887] |
||
| 210 |
_aМосква _cURSS _cЛЕНАНД _d2017 |
||
| 215 |
_a239, [1] с. _cпортр. _d22 |
||
| 320 | _aБиблиогр. в подстроч. примеч. | ||
| 455 | 0 |
_12001#$aЛитературные очерки (1883-1886)$fС. Я. Надсон _1210##$aСПб.$d1887 _1700#1$aНадсон$bС. Я.$f1862-1887$gСемен Яковлевич$3RU\NLR\AUTH\7756578 _tЛитературные очерки (1883-1886) _aНадсон, Семен Яковлевич (1862-1887) |
|
| 606 | 1 |
_aРусская литература _z19 в. _9916588 _3RU\NLR\AUTH\6616122 |
|
| 686 |
_aШ5(2=Р)52-646.7 _2rubbk |
||
| 686 | 1 | _aШ5(2=Р)5я44 | |
| 700 | 1 |
_8rus _7ca _aНадсон _bС. Я. _gСемен Яковлевич _f1862-1887 _3RU\NLR\AUTH\7756578 _939510 |
|
| 942 | _cBOOK | ||
| 980 | _aNB | ||